100 Biggest Cities of Libya on a Map - Statistics

General Stats
  • This quiz has been taken 102 times
  • The average score is 8 of 100
Answers on the Map
Answers color-coded by a green-red scale on the quiz's map according to % correct below.
 
Answer Stats
Population City % Correct
1,063,571 Tripoli
97%
618,325 Benghazi
80%
290,316 Misrata
49%
87,102 Sirte
46%
115,503 Tobruk
46%
83,735 Darnah
29%
105,659 Bayda
26%
121,895 Sebha
26%
11,943 Ghat
23%
107,564 Ajdabiya
20%
9,874 Ghadamis
17%
141,653 Zawiya
17%
166,350 Zliten
17%
29,476 Gharyan
14%
62,595 Al-Marj
11%
37,332 Bani Walid
11%
24,890 Murzuk
11%
19,943 Hun
9%
62,947 Sorman
9%
34,349 Al-Jawf
6%
126,348 Al-Khums
6%
13,224 Birak
6%
25,550 Brega
6%
10,210 Jadu
6%
10,939 Jalu
6%
126,025 Janzur
6%
23,208 Nalut
6%
7,092 Qaminis
6%
23,841 Shahhat
6%
16,259 Suluq
6%
5,947 Susah
6%
10,280 Tukrah
6%
27,402 Ubari
6%
8,286 Waddan
6%
18,514 Yafran
6%
8,188 Zillah
6%
6,449 Abu Ghilan
3%
11,699 Abu Zayyan
3%
6,756 Al-Abriq
3%
23,681 Al-Abyar
3%
77,198 Al-Ajaylat
3%
16,708 Al-Akhyar
3%
13,977 Al-Aluas
3%
22,622 Al-Asabiah
3%
42,777 Al-Aziziyah
3%
4,716 Al-Bardi
3%
5,538 Al-Bayyadah
3%
8,088 Al-Birkat
3%
19,141 Al-Gharayfah
3%
66,216 Al-Harshah
3%
51,974 Al-Jumayl
3%
7,772 Al-Khadra
3%
11,594 Al-Mayah
3%
5,913 Al-Qatrun
3%
12,354 Al-Qawasim
3%
19,191 Al-Qubbah
3%
16,887 An-Nasiriyah
3%
9,989 Ar-Rahaibat
3%
5,240 Ar-Rajban
3%
12,270 Ar-Riyaynah
3%
4,184 Awjilah
3%
20,966 Az-Zahra
3%
26,187 Az-Zintan
3%
12,660 Bin Jawad
3%
5,091 Bint Bayah
3%
4,818 Brqin
3%
40,496 Castelverde
3%
4,940 Daraj
3%
6,170 Daryanah
3%
5,505 Jardas al-Abid
3%
6,274 Kabaw
3%
5,692 Kambut
3%
9,613 Kiklah
3%
7,638 Martubah
3%
6,393 Massah
3%
13,661 Mizdah
3%
60,329 Msalatah
3%
6,335 Qandulah
3%
14,163 Qarquzah
3%
81,685 Qasr Bin Ghashir
3%
4,878 Qasr Libya
3%
5,712 Qirah
3%
25,801 Riqdalin
3%
68,077 Sabratah
3%
8,017 Sidi as-Sid
3%
46,585 Suani Ben Adem
3%
9,859 Suknah
3%
6,049 Tamzawah
3%
42,790 Tarhunah
3%
6,600 Tazirbu
3%
5,637 Tiji
3%
6,667 Traghan
3%
6,556 Umar al-Mukhtar
3%
8,566 Umm al-Aranib
3%
7,136 Umm ar-Rizam
3%
7,032 Umm Sa'ad
3%
13,670 Wadi Utbah
3%
9,027 Wardamah
3%
11,535 Zaltan
3%
27,662 Zuwarah
3%
No matching quizzes found
Score Distribution
Percent of People with Each Score
Percentile by Number Answered
Your Score History
You have not taken this quiz